|
|
|
|
| LEADER |
00000nam a2200000 a 4500 |
| 001 |
UCY2739 |
| 003 |
CL-VaPUC |
| 008 |
941115e19930000CL |||||||||||||||||spa|d |
| 082 |
0 |
4 |
|a 338.209
|b VAL
|2 21
|
| 100 |
0 |
|
|a Valenzuela, Iván
|e author
|9 330810
|
| 245 |
1 |
0 |
|a Chile exporta minería
|
| 300 |
|
|
|a 250 p
|
| 942 |
|
|
|c BK
|
| 945 |
|
|
|d 19941115 00:00:00
|a mfernand
|
| 260 |
|
|
|a Santiago
|b EDITEC
|c 1993
|
| 650 |
|
0 |
|a Industria minera
|9 260256
|
| 650 |
|
7 |
|a EXPORTACIONES
|2 CL-VaPUC
|9 255382
|
| 651 |
|
7 |
|a CHILE
|2 CL-VaPUC
|9 330811
|
| 583 |
|
|
|a last modification
|c 19941115 00:00:00
|k Rodrigo Vera
|
| 999 |
|
|
|c 231069
|d 231067
|
| 952 |
|
|
|0 0
|1 0
|4 0
|6 338_209000000000000_VAL_1993
|7 0
|8 A
|9 233873
|a BIBING
|b BIBING
|d 2019-11-15
|i 3034623
|o 338.209 VAL 1993
|p 3034623
|r 2025-01-20
|w 2019-11-15
|y BK
|k ING
|
| 952 |
|
|
|0 0
|1 0
|4 0
|6 338_209000000000000_VAL_1993
|7 0
|8 A
|9 233874
|a BIBGIM
|b BIBGIM
|d 2019-11-15
|i 3451364
|o 338.209 VAL 1993
|p 3451364
|r 2025-01-15
|w 2019-11-15
|y BK
|k GIM
|